Harry Potter Deaths - Statistics

General Stats
  • This quiz has been taken 826 times
    434 since last reset
  • The average score is 13 of 24
Answer Stats
Movie Character % Correct
Albus Dumbledore
90%
Cedric Diggory
89%
Harry Potter and the Philosophers Stone Professor Quirrell
87%
Harry Potter and the Order of the Phonix Sirius Black
87%
Fred Weasley
83%
Remus Lupin
82%
Nymphadora Tonks
79%
Harry Potter and the Deathly Hallows Voldemort
77%
Bellatrix Lestrange
66%
Severus Snape
66%
Dobby
63%
Barty Crouch Sr
58%
Alastor Moody
55%
Harry Potter and the Chamber of Secrets The Basilisk
53%
Hedwig
46%
Wormtail
40%
Harry Potter and the Goblet of Fire Frank Bryce
38%
Nagini
37%
Vincent Crabbe
32%
Harry Potter and the Half Blood Prince Aragog
26%
Lavendar Brown
25%
Charity Burbage
21%
Harry Potter and the Deathly Hallows Bathilda Bagshot
17%
Rufus Scrimgeour
16%
No matching quizzes found
Score Distribution
Percent of People with Each Score
Percentile by Number Answered
Your Score History
You have not taken this quiz since the last reset